Next steps for public spending in New Zealand <the> pursuit of effectiveness

Salvato in:
Dettagli Bibliografici
Autore principale: Rae, David
Natura: Libro
Lingua:inglese
Pubblicazione: Paris OECD 2002
Serie:Economics department working papers No. 337
Soggetti:
Tags: Aggiungi Tag
Nessun Tag, puoi essere il primo ad aggiungerne!!

MARC

LEADER 00000nam a2200000 4500
001 c142197
005 20221124092548.5
041 0 |a eng 
044 |a FR 
245 1 0 |a Next steps for public spending in New Zealand  |b <the> pursuit of effectiveness  |c by David Rae 
264 1 |a Paris  |b OECD  |c 2002 
300 |a 45 s. 
490 1 |a Economics department working papers  |v No. 337 
830 0 |a Economics department working papers  |v No. 337 
610 2 0 |a výdavky verejné 
610 2 0 |a manažment 
610 2 0 |a politika fiškálna 
610 2 0 |a úroveň životná 
610 2 0 |a programy sociálne 
610 2 0 |a úspory 
610 2 0 |a vzdelanie 
610 2 0 |a Nový Zéland 
100 1 |a Rae, David